000 00374nam a22001217a 4500
008 230623b xxu||||| |||| 00| 0 eng d
082 _a330.1
_bADE
110 _bBoard of Trustees of the Leeland Stanford Junior University
245 _aTheories of Economic Growth and Development
260 _aCalifornia
_bStanford University Press
_c1961
300 _a164p
942 _2ddc
_cBK
999 _c2515
_d2515